000 00451pam a2200169 a 4500
020 _a0027263150
040 _cDLC
082 0 0 _a909 UNE 1994 A104 Or.
100 1 _aReid, Struan.
245 1 4 _aThe silk and spice routes.
260 _aNew York :
_bNew Discovery Books :
_bUnesco Pub.,
_c1994.
300 _a45 p. :
_bill. (some col.), map ;
_c29 cm.
500 _aIncludes index.
650 0 _aEast and West
650 0 _aTrade routes
942 _cEK
999 _c14044
_d14044